| 000 | 00818nam a22001937a 4500 | ||
|---|---|---|---|
| 005 | 20210414113941.0 | ||
| 008 | 120517t xxu||||| |||| 00| 0 eng d | ||
| 020 | _a9781853839382 | ||
| 050 | _aHN981.C6D353 | ||
| 100 | _aDalal-Clayton, Barry. | ||
| 245 |
_aRural planning in developing countries: Supporting natural resource management and sustainable livelihoods. / _cBarry Dalal-Clayton, David Dent and Olivier Dubois |
||
| 260 |
_aLondon: _bEarthscan Publication, _c2003. |
||
| 300 |
_axxi, 226 p. : _bill. ; _c23 cm. |
||
| 500 | _aIncludes index | ||
| 505 | _aContents: Lessons from experience -- Conventional, technical planning approaches -- Approaches to participation in planning -- A Basis for collaborating -- The Way forward. | ||
| 700 | _aDent, David. | ||
| 700 | _aDubois, Olivier. | ||
| 942 |
_2lcc _cBK |
||
| 999 |
_c915 _d8415 |
||